Đến với thơ Hàn Mặc Tử
সংরক্ষণ করুন:
| প্রধান লেখক: | |
|---|---|
| বিন্যাস: | গ্রন্থ |
| ভাষা: | Undetermined |
| প্রকাশিত: |
H.
Thanh niên
1998
|
| বিষয়গুলি: | |
| অনলাইন ব্যবহার করুন: | http://lrc.tdmu.edu.vn/opac/search/detail.asp?aID=2&ID=3314 |
| ট্যাগগুলো: |
ট্যাগ যুক্ত করুন
কোনো ট্যাগ নেই, প্রথমজন হিসাবে ট্যাগ করুন!
|
| Thư viện lưu trữ: | Trung tâm Học liệu Trường Đại học Thủ Dầu Một |
|---|
| LEADER | 00747nam a2200193Ia 4500 | ||
|---|---|---|---|
| 001 | TDMU_3314 | ||
| 008 | 210410s9999 xx 000 0 und d | ||
| 082 | |a 895.9221009 | ||
| 090 | |b N4993 | ||
| 100 | |a Ngô, Viết Dinh | ||
| 245 | 0 | |a Đến với thơ Hàn Mặc Tử | |
| 245 | 0 | |c Ngô Viết Dinh chọn và biên tập | |
| 260 | |a H. | ||
| 260 | |b Thanh niên | ||
| 260 | |c 1998 | ||
| 300 | |a 588tr. | ||
| 650 | |a Hàn Mặc Tử |x Tác phẩm; Thi ca Việt |x Phê bình; Văn học Việt Nam |x Thi ca |x Phê bình; Tác gia văn học |x Hàn Mặc Tử | ||
| 856 | |u http://lrc.tdmu.edu.vn/opac/search/detail.asp?aID=2&ID=3314 | ||
| 980 | |a Trung tâm Học liệu Trường Đại học Thủ Dầu Một | ||